[Event "34.Schlosspark-Open"]
[Site "Wiesbaden-Biebrich"]
[Date "2025.08.30"]
[Round "5.36"]
[White "Rapp, Matthias"]
[Black "Sievers, Andy"]
[Result "0-1"]
[WhiteElo "1869"]
[BlackElo "2148"]
[PlyCount "60"]
[EventDate "2025.08.28"]
[WhiteTeam "Sfr.Mainz 1928"]
[BlackTeam "SK Kaiserslautern 1905"]

1. e4 c6 2. d4 d5 3. Nc3 dxe4 4. Nxe4 Nf6 5. Ng3 e6 6. Nf3 c5 7. Bd3 Nc6 8. c3 Be7 9. O-O O-O 10. Bc2 cxd4 11. cxd4 Nb4 12. Bb1 b6 13. a3 Nbd5 14. Qd3 a5 15. Re1 Ba6 16. Qd1 h6 17. Ne5 Rc8 18. f4 Nd7 19. Qg4 N5f6 20. Qd1 Nxe5 21. fxe5 Rxc1 22. Qxc1 Qxd4+ 23. Kh1 Ng4 24. h3 Rc8 25. Bc2 Bg5 26. Qb1 Nf2+ 27. Kh2 Qh4 28. Ne2 Ng4+ 29. Kh1 Bb7 30. Kg1 Be3+ 0-1

[Event "34.Schlosspark-Open"]
[Site "Wiesbaden-Biebrich"]
[Date "2025.08.30"]
[Round "5.37"]
[White "Sikorra, Philipp"]
[Black "Bauer, Claus"]
[Result "0-1"]
[WhiteElo "1863"]
[BlackElo "2145"]
[PlyCount "77"]
[EventDate "2025.08.28"]
[WhiteTeam "SF Schönwald"]
[BlackTeam "Sfr.Mainz 1928"]

1. e4 d6 2. d4 Nf6 3. Nc3 e5 4. dxe5 dxe5 5. Qxd8+ Kxd8 6. Bd2 Be6 7. Bb5 Nbd7 8. Nge2 c6 9. Ba4 Nc5 10. f3 Kc7 11. Bb3 Nxb3 12. axb3 Nd7 13. Kf2 Be7 14. Be3 g6 15. Rhd1 a6 16. Rd2 f6 17. Rad1 b5 18. Nc1 Rhf8 19. Ke1 a5 20. Nd3 Rfd8 21. h3 g5 22. Ne2 a4 23. b4 Bc4 24. Nc5 Nxc5 25. Bxc5 Bxc5 26. bxc5 Rxd2 27. Rxd2 b4 28. Nc1 Ra5 29. Rd6 a3 30. b3 a2 31. Nxa2 Rxa2 32. bxc4 Rxc2 33. Rxf6 b3 34. Rf7+ Kc8 35. Kd1 Rxc4 36. Rf8+ Kb7 37. Rf7+ Ka6 38. Rf8 b2 39. Rb8 0-1

[Event "34.Schlosspark-Open"]
[Site "Wiesbaden-Biebrich"]
[Date "2025.08.30"]
[Round "5.38"]
[White "Ruppert, Wolfgang"]
[Black "Döhne, Vincent"]
[Result "1-0"]
[WhiteElo "2128"]
[BlackElo "1839"]
[PlyCount "103"]
[EventDate "2025.08.28"]
[WhiteTeam "SC Flörsheim 1921"]
[BlackTeam "SC 1979 Hattersheim"]

1. e4 c6 2. d4 d5 3. e5 Bf5 4. h4 h5 5. Bd3 Bxd3 6. Qxd3 e6 7. c4 Nd7 8. Nc3 dxc4 9. Qxc4 Nb6 10. Qd3 Ne7 11. Bg5 Qd7 12. Nf3 Ned5 13. O-O Be7 14. Ne4 O-O 15. Bxe7 Qxe7 16. Nfg5 g6 17. Rfe1 Kg7 18. a3 a5 19. Qf3 Rh8 20. Nd6 Raf8 21. Qg3 Nc8 22. Nde4 Qd8 23. Nc5 Qe7 24. Rab1 b6 25. Nce4 Qd8 26. Qd3 Nde7 27. g3 Nf5 28. Red1 Nce7 29. Rbc1 Qa8 30. Qc4 Rd8 31. b4 b5 32. Qc3 a4 33. Nd6 Rhf8 34. Nge4 Qa7 35. Qd2 Qa8 36. Qf4 Nd5 37. Qf3 Qa7 38. Rc5 Qd7 39. Qd3 f6 40. Qc2 fxe5 41. dxe5 Nfe3 42. fxe3 Nxe3 43. Qd2 Nxd1 44. Qxd1 Kh8 45. Ng5 Kg8 46. Qd3 Rf5 47. Qe4 Rdf8 48. Nxf5 Qd1+ 49. Kh2 Rxf5 50. Rc2 Kh8 51. Qxc6 Qf1 52. Qg2 1-0

[Event "34.Schlosspark-Open"]
[Site "Wiesbaden-Biebrich"]
[Date "2025.08.30"]
[Round "5.39"]
[White "Hoffmann, Jens"]
[Black "Richter, Johanna"]
[Result "1-0"]
[WhiteElo "2088"]
[BlackElo "1851"]
[PlyCount "139"]
[EventDate "2025.08.28"]
[WhiteTeam "SF HN-Biberach 1978 e.V."]
[BlackTeam "Sfr.Heidesheim"]

1. e4 c5 2. Nf3 Nc6 3. d4 cxd4 4. Nxd4 Nf6 5. Nc3 e5 6. Ndb5 d6 7. Bg5 a6 8. Na3 b5 9. Nd5 Be7 10. Bxf6 Bxf6 11. c4 b4 12. Nc2 a5 13. g3 O-O 14. Bg2 g6 15. O-O Bg7 16. Qd3 Be6 17. Rad1 Rc8 18. Nde3 Nd4 19. b3 Nxc2 20. Nxc2 Rc6 21. f4 f6 22. Ne3 Qb6 23. Kh1 Qc5 24. f5 Bf7 25. fxg6 hxg6 26. Nd5 Kh7 27. Bh3 Bxd5 28. Qxd5 Qxd5 29. Rxd5 Ra8 30. Rb5 Ra7 31. Rd1 Bf8 32. Rb8 Kg7 33. Be6 Rcc7 34. Rd5 Rc5 35. Rd2 Rcc7 36. Rd5 Rc5 37. Rd1 Rcc7 38. Bd5 Rc5 39. Kg2 Rcc7 40. Ra1 Ra6 41. a3 bxa3 42. Rxa3 Rca7 43. Rb5 a4 44. b4 Rc7 45. Ra5 Rxa5 46. bxa5 Be7 47. a6 Ra7 48. Rxa4 Bd8 49. Kf3 Bb6 50. Bb7 Bc5 51. Ra2 Kf7 52. h4 Kg7 53. g4 Kh6 54. Rh2 Bd4 55. Ke2 Bc5 56. Kd3 Bd4 57. Rh3 Bb6 58. Kc3 Bc5 59. Rh2 Bd4+ 60. Kb4 Bc5+ 61. Kb5 Be3 62. Kc6 Bc5 63. Kd5 Bg1 64. Rh1 Bc5 65. Ke6 Kg7 66. h5 gxh5 67. gxh5 Kh6 68. Kxf6 Be3 69. Ke6 Bc5 70. Rd1 1-0

[Event "34.Schlosspark-Open"]
[Site "Wiesbaden-Biebrich"]
[Date "2025.08.30"]
[Round "5.40"]
[White "Gundlach, Michael"]
[Black "Fang, Borui"]
[Result "0-1"]
[WhiteElo "2070"]
[BlackElo "1831"]
[PlyCount "72"]
[EventDate "2025.08.28"]
[WhiteTeam "Sfr.Mainz 1928"]
[BlackTeam "SV Oberursel"]

1. c4 e6 2. g3 d5 3. Bg2 Nf6 4. Nf3 c6 5. b3 Nbd7 6. Bb2 Bd6 7. Nc3 O-O 8. O-O b6 9. d3 Bb7 10. e3 h6 11. Qe2 Re8 12. Rac1 Rc8 13. cxd5 exd5 14. d4 Ne4 15. Nd2 f5 16. Ndxe4 fxe4 17. f3 exf3 18. Bxf3 Nf6 19. Rce1 Rc7 20. Qg2 Rce7 21. Qd2 Qc8 22. Kg2 Ba6 23. Rg1 Qf5 24. Bd1 Bc8 25. Rgf1 Qh3+ 26. Kg1 Bb4 27. a3 Ne4 28. Qc2 Bd6 29. Nxe4 Rxe4 30. Bc1 Bg4 31. Qg2 Qh5 32. Bxg4 Qxg4 33. Rf3 Rxd4 34. Ref1 Rde4 35. h3 Qg6 36. g4 Bc5 0-1

[Event "34.Schlosspark-Open"]
[Site "Wiesbaden-Biebrich"]
[Date "2025.08.30"]
[Round "5.41"]
[White "Waffenschmidt, Joachim"]
[Black "Ringel, Max"]
[Result "1/2-1/2"]
[WhiteElo "2025"]
[BlackElo "1760"]
[PlyCount "146"]
[EventDate "2025.08.28"]
[WhiteTeam "SV 1920 Hofheim"]
[BlackTeam "SK Bad Homburg 1927"]

1. d4 d5 2. c4 c6 3. Nf3 Nf6 4. Qb3 e6 5. Bg5 Be7 6. e3 O-O 7. Nc3 Nbd7 8. Rc1 h6 9. Bh4 Re8 10. Be2 dxc4 11. Bxc4 b5 12. Bd3 Bb7 13. O-O Rc8 14. Rfd1 Qb6 15. Bg3 a6 16. a4 b4 17. Nb1 c5 18. Nbd2 cxd4 19. exd4 Bxf3 20. Nxf3 Nd5 21. h3 Qb7 22. Ne5 Nxe5 23. Bxe5 Bg5 24. Rc5 Bf6 25. Bxf6 Nxf6 26. Rdc1 Rxc5 27. dxc5 a5 28. c6 Qc7 29. Qc4 Rc8 30. Qc5 Nd5 31. Be4 Nf6 32. Bf3 Rd8 33. Qb5 Rd2 34. Qb7 Ne8 35. g3 Kf8 36. Qa8 Qb6 37. Rf1 Rxb2 38. Qb7 Qc5 39. Qb5 Rc2 40. Qxc5+ Rxc5 41. Rd1 Rc4 42. Rd8 Ke7 43. Rd7+ Kf6 44. Ra7 b3 45. Rb7 Rb4 46. Kf1 Ke5 47. Bd1 Kd6 48. Bxb3 Rxb7 49. cxb7 Kc7 50. b8=B+ Kxb8 51. Ke2 Kc7 52. Kd3 Kc6 53. Kd4 Nc7 54. f4 Kd6 55. h4 f6 56. Bd1 Nd5 57. Bc2 Nb4 58. Bd1 g5 59. fxg5 fxg5 60. Ke4 Nd5 61. Bb3 Nf6+ 62. Kd4 e5+ 63. Kc4 Kc6 64. Bd1 gxh4 65. gxh4 e4 66. Kd4 Kd6 67. Bc2 h5 68. Bd1 e3 69. Kxe3 Ke5 70. Be2 Nd5+ 71. Kf3 Nf4 72. Bb5 Ng6 73. Kg3 Nf4 1/2-1/2

[Event "34.Schlosspark-Open"]
[Site "Wiesbaden-Biebrich"]
[Date "2025.08.30"]
[Round "5.42"]
[White "Kolker, Vladislav"]
[Black "Türkboylari, Bahadir"]
[Result "0-1"]
[WhiteElo "1825"]
[BlackElo "2032"]
[PlyCount "79"]
[EventDate "2025.08.28"]
[WhiteTeam "SC Bad Nauheim"]
[BlackTeam "SK Neuburg"]

1. e4 c5 2. Nf3 d6 3. b4 cxb4 4. a3 bxa3 5. d4 Nf6 6. Bd3 e6 7. Nxa3 Be7 8. c3 Nc6 9. Bf4 O-O 10. h4 Re8 11. e5 Nd5 12. Bd2 dxe5 13. dxe5 h6 14. g4 Ndb4 15. Bb1 Nd3+ 16. Kf1 Bxa3 17. Rxa3 Ncxe5 18. Nxe5 Nxe5 19. Qc2 Qd5 20. Rh3 Nc4 21. Qh7+ Kf8 22. Bxh6 gxh6 23. Qxh6+ Ke7 24. Rd3 Qh1+ 25. Ke2 Qe4+ 26. Kf1 Qh1+ 27. Ke2 Rg8 28. g5 Rg6 29. Qh8 Bd7 30. Qxa8 Qxb1 31. Rxa7 Qc2+ 32. Ke1 Qxd3 33. Qxb7 Qxc3+ 34. Kf1 Qd3+ 35. Kg1 Qd1+ 36. Kh2 Qd6+ 37. Kg1 e5 38. Qe4 Nd2 39. Qg4 Qd4 40. Qxd4 0-1

[Event "34.Schlosspark-Open"]
[Site "Wiesbaden-Biebrich"]
[Date "2025.08.30"]
[Round "5.43"]
[White "Puschendorf, Steffen"]
[Black "Riedel, Thomas"]
[Result "1-0"]
[WhiteElo "2026"]
[BlackElo "1825"]
[PlyCount "73"]
[EventDate "2025.08.28"]
[WhiteTeam "ESV Gera"]
[BlackTeam "SC Einrich e.V."]

1. d4 Nf6 2. c4 e6 3. g3 d5 4. Nf3 b6 5. Bg2 Bb7 6. cxd5 exd5 7. O-O Be7 8. Nc3 O-O 9. Ne5 Nbd7 10. Qa4 Nxe5 11. dxe5 Nd7 12. Nxd5 Nc5 13. Nxe7+ Qxe7 14. Qf4 Bxg2 15. Kxg2 Rad8 16. Be3 Rd5 17. Rac1 Re8 18. Bxc5 Rxc5 19. Rxc5 Qxc5 20. Rc1 Qd5+ 21. e4 Qxa2 22. Rxc7 a5 23. Rb7 Qe6 24. Qf5 Kf8 25. Qxh7 Qh6 26. Qxh6 gxh6 27. f4 Re6 28. Kf3 Rc6 29. h4 a4 30. f5 Ke8 31. f6 Kd8 32. Rxf7 Rc2 33. e6 Rxb2 34. e7+ Kd7 35. Rf8 a3 36. e8=Q+ Kd6 37. Qe7+ 1-0

[Event "34.Schlosspark-Open"]
[Site "Wiesbaden-Biebrich"]
[Date "2025.08.30"]
[Round "5.44"]
[White "Kappeler, Georg"]
[Black "Trenz, Finn"]
[Result "0-1"]
[WhiteElo "1768"]
[BlackElo "1932"]
[PlyCount "184"]
[EventDate "2025.08.28"]
[WhiteTeam "SK Marburg 1931/72"]
[BlackTeam "SV Multatuli Ingelheim e.V."]

1. c4 c6 2. g3 d5 3. Bg2 Nf6 4. Nf3 Bg4 5. O-O Nbd7 6. b3 e6 7. Bb2 Bd6 8. d4 O-O 9. Ne5 Bf5 10. Nd2 Qc7 11. Ndf3 h6 12. Qd2 Ne4 13. Qe1 a5 14. Nxd7 Qxd7 15. Ne5 Qe7 16. Nd3 dxc4 17. bxc4 Bb4 18. Nxb4 Qxb4 19. Qxb4 axb4 20. f3 Nc3 21. e4 Bg6 22. Bxc3 bxc3 23. a4 Rfd8 24. Rfc1 Rxd4 25. Rxc3 b5 26. cxb5 cxb5 27. a5 Ra4 28. Rb1 R4xa5 29. Rcb3 f6 30. Rxb5 Rxb5 31. Rxb5 Ra1+ 32. Kf2 Ra2+ 33. Kg1 e5 34. f4 exf4 35. gxf4 Ra4 36. f5 Bf7 37. e5 fxe5 38. Rxe5 Ra2 39. Bd5 Bxd5 40. Rxd5 Kf7 41. Rb5 Kf6 42. Re5 Ra4 43. Kg2 Rf4 44. Kg3 Rxf5 45. Re6+ Kg5 46. Re7 g6 47. Re6 Rd5 48. Ra6 Re5 49. Ra4 Re3+ 50. Kf2 Rd3 51. Kg2 Kf5 52. Ra5+ Kg4 53. Ra4+ Kh5 54. Ra5+ g5 55. Ra4 g4 56. Ra6 Rd5 57. Kg3 Kg5 58. Ra8 Rd3+ 59. Kg2 Kh4 60. Ra2 h5 61. Rb2 Rd5 62. Rb8 Kg5 63. Rg8+ Kf4 64. Rf8+ Rf5 65. Ra8 h4 66. Ra4+ Kg5 67. Ra8 h3+ 68. Kg1 Rc5 69. Rg8+ Kf4 70. Rf8+ Ke3 71. Ra8 Rc4 72. Ra3+ Kf4 73. Kf2 Rd4 74. Rb3 Rd2+ 75. Kg1 Rg2+ 76. Kh1 Re2 77. Kg1 Re1+ 78. Kf2 Rh1 79. Rb4+ Kg5 80. Kg3 Rg1+ 81. Kf2 Rg2+ 82. Kf1 Rxh2 83. Kg1 Re2 84. Rb1 Kf4 85. Rf1+ Kg3 86. Rc1 Re3 87. Rb1 Rc3 88. Ra1 Kh4 89. Rb1 Rd3 90. Ra1 g3 91. Rb1 h2+ 92. Kh1 Kh3 0-1

[Event "34.Schlosspark-Open"]
[Site "Wiesbaden-Biebrich"]
[Date "2025.08.30"]
[Round "5.45"]
[White "Mehlen, Theodor"]
[Black "Hrytseniuk, Yanislav"]
[Result "1-0"]
[WhiteElo "1813"]
[BlackElo "1963"]
[PlyCount "183"]
[EventDate "2025.08.28"]
[WhiteTeam "SC Matt im Park Ffm"]
[BlackTeam "Sfr.Mainz 1928"]

1. e4 e5 2. Nf3 Nc6 3. Bc4 Bc5 4. c3 h6 5. a4 a6 6. O-O d6 7. d4 exd4 8. cxd4 Bb6 9. h3 Nge7 10. Be3 O-O 11. Nc3 Ng6 12. Nd5 Ba7 13. b4 Nce7 14. Qd2 Nxd5 15. Bxd5 c6 16. Bb3 Kh7 17. Bc2 d5 18. e5 f5 19. exf6 Qxf6 20. Qd3 Bf5 21. Qxf5 Qxf5 22. Bxf5 Rxf5 23. b5 Rc8 24. Rfc1 Nf4 25. Rc2 Nxh3+ 26. Kf1 Nf4 27. Ra3 Ne6 28. Rac3 axb5 29. axb5 Nd8 30. Ne5 Rf6 31. Ra3 Bb8 32. Ra8 Rd6 33. bxc6 bxc6 34. Rb2 Ne6 35. Rbxb8 Rxb8 36. Rxb8 Nd8 37. Rc8 g5 38. Bd2 Ne6 39. Bb4 Rd8 40. Rxd8 Nxd8 41. Be7 Ne6 42. Nxc6 Kg6 43. g4 h5 44. gxh5+ Kxh5 45. Bc5 Kg4 46. Nb4 Kf3 47. Nxd5 g4 48. Ke1 g3 49. fxg3 Kxg3 50. Ke2 Kg4 51. Ne3+ Kf4 52. Kd3 Nxd4 53. Bxd4 Kf3 54. Nd1 Kf4 55. Ke2 Ke4 56. Be3 Kd5 57. Kd3 Ke5 58. Nc3 Kf5 59. Bd2 Ke5 60. Be3 Kf5 61. Kd4 Ke6 62. Ne2 Kd6 63. Ng3 Ke6 64. Bf4 Kf6 65. Kd5 Kf7 66. Kd6 Kf6 67. Be3 Kf7 68. Bd4 Kg6 69. Be3 Kf6 70. Bf4 Kf7 71. Ne4 Kg6 72. Ke6 Kh5 73. Kf5 Kh4 74. Nf2 Kh5 75. Bg3 Kh6 76. Ng4+ Kg7 77. Ne5 Kh6 78. Bh4 Kh5 79. Nf3 Kh6 80. Bf6 Kh5 81. Ne5 Kh6 82. Nd3 Kh5 83. Nf4+ Kh6 84. Be5 Kh7 85. Kf6 Kh6 86. Bd6 Kh7 87. Bf8 Kg8 88. Ke7 Kh8 89. Kf7 Kh7 90. Nh5 Kh8 91. Bg7+ Kh7 92. Nf6# 1-0

[Event "34.Schlosspark-Open"]
[Site "Wiesbaden-Biebrich"]
[Date "2025.08.30"]
[Round "5.47"]
[White "Haßelbacher, Uwe"]
[Black "Schellen, Sven"]
[Result "1-0"]
[WhiteElo "1936"]
[BlackElo "1806"]
[PlyCount "61"]
[EventDate "2025.08.28"]
[WhiteTeam "Mosbacher SC von 1931"]
[BlackTeam "SV Frankfurt Nord 1926"]

1. c4 e5 2. g3 Bc5 3. Bg2 Nc6 4. Nc3 a6 5. e3 f5 6. Nge2 d6 7. d4 exd4 8. exd4 Ba7 9. O-O Qf6 10. Nd5 Qf7 11. Re1 Kf8 12. b3 Nf6 13. Bb2 Nxd5 14. Bxd5 Qf6 15. Qd2 Bd7 16. Rad1 Re8 17. Nf4 Rxe1+ 18. Rxe1 Nxd4 19. Re6 Bxe6 20. Nxe6+ Qxe6 21. Bxd4 Qd7 22. Bxa7 b6 23. Bf3 h5 24. c5 h4 25. cxb6 cxb6 26. Bxb6 hxg3 27. fxg3 Rh6 28. Bd5 f4 29. Qxf4+ Rf6 30. Qh4 Rf5 31. Qh8+ 1-0

[Event "34.Schlosspark-Open"]
[Site "Wiesbaden-Biebrich"]
[Date "2025.08.30"]
[Round "5.48"]
[White "Hensel, Roman"]
[Black "Böhnke, Marc"]
[Result "1-0"]
[WhiteElo "1806"]
[BlackElo "1921"]
[PlyCount "69"]
[EventDate "2025.08.28"]
[WhiteTeam "SV Oberursel"]
[BlackTeam "Schachfreunde Eltville"]

1. e4 c5 2. Nf3 d6 3. Bb5+ Bd7 4. Bxd7+ Qxd7 5. c4 g6 6. d4 cxd4 7. Nxd4 Bg7 8. Nc3 Nc6 9. Be3 Nf6 10. f3 a6 11. O-O O-O 12. Qd3 Ne5 13. Qe2 Qc7 14. b3 e6 15. Rac1 Rfd8 16. Rfd1 Rac8 17. a4 Nc6 18. Qf2 Nd7 19. Nxc6 bxc6 20. Bd4 Rb8 21. Bxg7 Kxg7 22. Qd4+ Ne5 23. f4 c5 24. Qe3 Nc6 25. Ne2 Rb4 26. Rc3 Na5 27. f5 Qe7 28. f6+ Qxf6 29. e5 Qf5 30. exd6 Nb7 31. Rb1 Qh5 32. Ng3 Qg4 33. Qe5+ Kg8 34. Ne4 Qh4 35. Rh3 1-0

[Event "34.Schlosspark-Open"]
[Site "Wiesbaden-Biebrich"]
[Date "2025.08.30"]
[Round "5.49"]
[White "Rabiya, Karim"]
[Black "Burkhardt, Jan"]
[Result "0-1"]
[WhiteElo "1800"]
[BlackElo "1915"]
[PlyCount "116"]
[EventDate "2025.08.28"]
[WhiteTeam "SK Niederbrechen 1948"]
[BlackTeam "Sfr.Mainz 1928"]

1. e4 e5 2. Bc4 Nc6 3. Nc3 Nf6 4. d3 Bc5 5. f4 d6 6. f5 Na5 7. Qf3 c6 8. Nge2 b5 9. Bb3 h6 10. Ng3 Qd7 11. Bd2 Bb6 12. Rf1 Bb7 13. Nh5 Nxh5 14. Qxh5 Nxb3 15. axb3 O-O-O 16. Rf3 g6 17. fxg6 fxg6 18. Qh3 Qxh3 19. Rxh3 g5 20. Be3 Kc7 21. Bxb6+ Kxb6 22. Rf3 Rdf8 23. Ke2 Bc8 24. h3 Rxf3 25. Kxf3 Rf8+ 26. Ke2 b4 27. Nd1 d5 28. Ne3 Be6 29. g4 Rf4 30. Ng2 Rf7 31. Rf1 Rxf1 32. Kxf1 d4 33. Ne1 Kc5 34. Kf2 Bf7 35. Nf3 Kd6 36. h4 gxh4 37. Nxh4 h5 38. Nf5+ Kd7 39. g5 c5 40. Kg3 a5 41. Kh4 c4 42. dxc4 Bg6 43. c5 a4 44. bxa4 b3 45. cxb3 Bxf5 46. exf5 d3 47. Kxh5 d2 48. f6 d1=Q+ 49. Kg6 Qxb3 50. c6+ Ke8 51. a5 Qf7+ 52. Kf5 Qc7 53. g6 Qxc6 54. Kxe5 Qb5+ 55. Ke6 Qa6+ 56. Kf5 Qxa5+ 57. Kg4 Qe5 58. g7 Kf7 0-1

[Event "34.Schlosspark-Open"]
[Site "Wiesbaden-Biebrich"]
[Date "2025.08.30"]
[Round "5.50"]
[White "Kobs, Stephan"]
[Black "Färber, Anna"]
[Result "1/2-1/2"]
[WhiteElo "1915"]
[BlackElo "1781"]
[PlyCount "45"]
[EventDate "2025.08.28"]
[WhiteTeam "TSG 1846 Bretzenheim/ZMO"]
[BlackTeam "SV 1947 Walldorf"]

1. e4 c5 2. Nf3 d6 3. d4 cxd4 4. Nxd4 Nf6 5. Nc3 a6 6. Bc4 e6 7. Bb3 b5 8. O-O Be7 9. Qf3 Qb6 10. Be3 Qb7 11. Qg3 b4 12. Na4 Bd7 13. f3 O-O 14. Nb6 Nh5 15. Qh3 Qxb6 16. Qxh5 Qb7 17. Rad1 Nc6 18. Nxc6 Bxc6 19. Bc4 Rab8 20. Rf2 Bb5 21. Bxb5 Qxb5 22. Qxb5 Rxb5 23. Rfd2 1/2-1/2

[Event "34.Schlosspark-Open"]
[Site "Wiesbaden-Biebrich"]
[Date "2025.08.30"]
[Round "5.51"]
[White "Stehning, Toni"]
[Black "Vilain, Philip"]
[Result "1/2-1/2"]
[WhiteElo "1891"]
[BlackElo "1767"]
[PlyCount "98"]
[EventDate "2025.08.28"]
[WhiteTeam "SF Braunfels"]
[BlackTeam "SC Heitersheim"]

1. e4 e6 2. d4 d5 3. e5 c5 4. c3 Nc6 5. Nf3 Qb6 6. Bd3 Bd7 7. O-O Rc8 8. Re1 cxd4 9. a3 Nge7 10. h4 Nf5 11. Bxf5 exf5 12. cxd4 Be7 13. Nc3 Be6 14. Na4 Qd8 15. Bg5 O-O 16. b4 b6 17. Rc1 h6 18. Bxe7 Qxe7 19. Nc3 a6 20. Na4 Qb7 21. Qd3 Bd7 22. Nc3 Ne7 23. h5 Rc7 24. Rc2 Rfc8 25. Rec1 Kf8 26. Nh4 Rc4 27. Nf3 R4c7 28. Ne1 Qa7 29. Qd2 Rc4 30. g3 Qc7 31. Nxd5 Rxc2 32. Rxc2 Qb7 33. Nxe7 Kxe7 34. Rxc8 Qxc8 35. Nd3 Qc4 36. Nf4 Bb5 37. Qd1 Ke8 38. d5 Qc3 39. e6 fxe6 40. Nxe6 Bc4 41. Nf4 Qe5 42. Qc1 b5 43. Qd2 Kd7 44. Ne6 Bxd5 45. Nc5+ Kd8 46. f4 Qa1+ 47. Kf2 Qh1 48. Nxa6 Qf3+ 49. Ke1 Qh1+ 1/2-1/2

[Event "34.Schlosspark-Open"]
[Site "Wiesbaden-Biebrich"]
[Date "2025.08.30"]
[Round "5.52"]
[White "Michalski, Uwe"]
[Black "Feick, Claas Marten"]
[Result "0-1"]
[WhiteElo "1798"]
[BlackElo "1872"]
[PlyCount "120"]
[EventDate "2025.08.28"]
[WhiteTeam "Sfr.Mainz 1928"]
[BlackTeam "SF Neuberg"]

1. e4 c5 2. Nf3 e6 3. Bc4 a6 4. a4 d5 5. exd5 exd5 6. Qe2+ Be7 7. Ba2 Nc6 8. c3 Bg4 9. h3 Bh5 10. d3 Nf6 11. Bf4 O-O 12. g4 Bg6 13. O-O Re8 14. Qd2 Qd7 15. Nh4 Rad8 16. Nxg6 hxg6 17. Na3 g5 18. Bg3 g6 19. Rae1 Kg7 20. f4 Qc7 21. Rf3 Ne4 22. Qg2 Nxg3 23. Qxg3 gxf4 24. Qxf4 Qxf4 25. Rxf4 Bg5 26. Rff1 Ne5 27. Kg2 Nxd3 28. Rxe8 Rxe8 29. h4 Re2+ 30. Kf3 Re3+ 31. Kg2 Nf4+ 32. Kf2 Nh3+ 33. Kg2 Nf4+ 34. Kf2 Re2+ 35. Kf3 Rxb2 36. Ra1 Bxh4 37. Kxf4 Rf2+ 38. Ke3 d4+ 39. cxd4 cxd4+ 40. Ke4 f5+ 41. gxf5 gxf5+ 42. Kd5 d3 43. Bb3 d2 44. Bd1 Rf1 45. Nc4 Bg5 46. Nd6 b6 47. Kc6 Be3 48. Nc4 f4 49. Ne5 Bd4 50. Rb1 Bxe5 51. Kd5 Bc3 52. Kc4 Ba5 53. Kd3 Re1 54. Kc2 Kf6 55. Bf3 Rxb1 56. Kxb1 Ke5 57. Kc2 Kd4 58. Kd1 Ke3 59. Be2 f3 60. Bxa6 Kf2 0-1

[Event "34.Schlosspark-Open"]
[Site "Wiesbaden-Biebrich"]
[Date "2025.08.30"]
[Round "5.53"]
[White "Behr, Julian"]
[Black "Joshi, Kanad"]
[Result "1/2-1/2"]
[WhiteElo "1898"]
[BlackElo "1749"]
[PlyCount "45"]
[EventDate "2025.08.28"]
[WhiteTeam "Sfr.Mainz 1928"]
[BlackTeam "SV Oberursel"]

1. e4 e5 2. Nf3 Nc6 3. Bb5 a6 4. Bxc6 dxc6 5. O-O Bg4 6. h3 Bxf3 7. Qxf3 Qf6 8. Qb3 O-O-O 9. d3 g5 10. Nc3 h5 11. Be3 Ne7 12. Ne2 Qg6 13. Bc5 g4 14. h4 f5 15. Ng3 f4 16. Bxe7 Bxe7 17. Nf5 Bd6 18. g3 Rdf8 19. Qc4 Kd7 20. b4 Qe6 21. Qxe6+ Kxe6 22. Rab1 b6 23. Rb3 1/2-1/2

[Event "34.Schlosspark-Open"]
[Site "Wiesbaden-Biebrich"]
[Date "2025.08.30"]
[Round "5.54"]
[White "Duizendstra, Ben"]
[Black "Hipler, Andreas"]
[Result "0-1"]
[WhiteElo "1591"]
[BlackElo "1873"]
[PlyCount "121"]
[EventDate "2025.08.28"]
[WhiteTeam "SK Bad Schwalbach"]
[BlackTeam "SK Gau-Algesheim"]

1. Nf3 Nf6 2. d4 e6 3. c4 Bb4+ 4. Bd2 Qe7 5. Qb3 Bxd2+ 6. Nbxd2 b6 7. g3 Bb7 8. Bg2 O-O 9. O-O Ne4 10. Qc2 f5 11. Ne5 Nd6 12. Bxb7 Nxb7 13. e3 d6 14. Nef3 Nd7 15. Rfd1 e5 16. dxe5 Nxe5 17. Nxe5 Qxe5 18. Nb3 g6 19. Rd5 Qf6 20. Rad1 Rae8 21. a3 Rf7 22. Nd4 Nc5 23. Nb5 a6 24. Nc3 Ne4 25. Nxe4 fxe4 26. R1d2 a5 27. R5d4 Qf3 28. Qd1 Qf5 29. Rd5 Re5 30. Qe2 Rfe7 31. b3 Qf6 32. R2d4 Kg7 33. b4 axb4 34. axb4 R7e6 35. Rxe5 Rxe5 36. Qg4 Qe6 37. Qxe6 Rxe6 38. Kg2 Kf6 39. h3 Re5 40. g4 Ke6 41. Kg3 c5 42. bxc5 bxc5 43. Rd1 d5 44. cxd5+ Rxd5 45. Rc1 g5 46. f3 exf3 47. Kxf3 Kd6 48. Ke4 Re5+ 49. Kd3 Kd5 50. e4+ Kc6 51. Ra1 Re7 52. Ra8 Rd7+ 53. Ke2 c4 54. Ra3 Kb5 55. Re3 Kb4 56. e5 Re7 57. Kd2 h6 58. e6 Kc5 59. Kc3 Kd5 60. Re2 Rxe6 61. Kb4 0-1

[Event "34.Schlosspark-Open"]
[Site "Wiesbaden-Biebrich"]
[Date "2025.08.30"]
[Round "5.55"]
[White "Pioch, Thomas"]
[Black "Donecker, Stefan"]
[Result "1/2-1/2"]
[WhiteElo "2007"]
[BlackElo "1780"]
[PlyCount "40"]
[EventDate "2025.08.28"]
[WhiteTeam "SC Flörsheim 1921"]
[BlackTeam "SAbt TuS Dotzheim"]

1. Nf3 e6 2. g3 d5 3. Bg2 c5 4. O-O Nc6 5. d4 cxd4 6. Nxd4 Bc5 7. Nb3 Be7 8. N1d2 Nf6 9. c4 O-O 10. cxd5 Nxd5 11. a3 b6 12. Nc4 Ba6 13. Ne3 Nxe3 14. Bxe3 Rc8 15. Rc1 Qxd1 16. Rfxd1 Ne5 17. Bf1 Rxc1 18. Bxc1 Rd8 19. Rxd8+ Bxd8 20. f4 Nd7 1/2-1/2

[Event "34.Schlosspark-Open"]
[Site "Wiesbaden-Biebrich"]
[Date "2025.08.30"]
[Round "5.56"]
[White "Fucik, Timo"]
[Black "Hübner, Kai"]
[Result "1-0"]
[WhiteElo "1936"]
[BlackElo "1763"]
[PlyCount "67"]
[EventDate "2025.08.28"]
[WhiteTeam "SK 1926 Ettlingen"]
[BlackTeam "SC Flörsheim 1921"]

1. d4 f5 2. Nf3 Nf6 3. c4 e6 4. g3 Be7 5. Bg2 O-O 6. O-O d6 7. Nc3 Ne4 8. Qd3 Nxc3 9. Qxc3 Nd7 10. Re1 Nf6 11. Qc2 c6 12. b3 Qe8 13. c5 Qf7 14. Bf4 dxc5 15. dxc5 Nd7 16. b4 Bf6 17. Rad1 Re8 18. Bd6 a5 19. b5 e5 20. Nh4 Bxh4 21. bxc6 Nf6 22. gxh4 e4 23. c7 a4 24. Rd4 Bd7 25. Red1 Bc6 26. e3 Nd5 27. Qc4 Nf6 28. Qxf7+ Kxf7 29. Bf1 Kg6 30. Bg3 h5 31. Rd8 Rc8 32. Bc4 Nd5 33. Rxe8 Rxe8 34. Rxd5 1-0

[Event "34.Schlosspark-Open"]
[Site "Wiesbaden-Biebrich"]
[Date "2025.08.30"]
[Round "5.57"]
[White "Stehning, Ralf"]
[Black "Sefeloge, Michael"]
[Result "0-1"]
[WhiteElo "1877"]
[BlackElo "1761"]
[PlyCount "70"]
[EventDate "2025.08.28"]
[WhiteTeam "SF Braunfels"]
[BlackTeam "SV Turm Lahnstein"]

1. e4 c5 2. Nc3 d6 3. g3 Nf6 4. Bg2 a6 5. d3 e6 6. Nge2 Nbd7 7. O-O Be7 8. f4 O-O 9. h3 Rb8 10. g4 h6 11. Ng3 b5 12. g5 hxg5 13. fxg5 Nh7 14. h4 Ne5 15. Be3 Bb7 16. Qh5 g6 17. Qe2 f6 18. gxf6 Nxf6 19. Bh3 Bc8 20. Rae1 Rf7 21. Bg5 Nh7 22. Rxf7 Nxf7 23. Bxe7 Qxe7 24. Qg4 Ne5 25. Qf4 Bd7 26. Rf1 Rf8 27. Qh6 Rxf1+ 28. Kxf1 Qf6+ 29. Ke1 Nf3+ 30. Kd1 Nxh4 31. Nce2 Qg5 32. Qxg5 Nxg5 33. Bg4 Kf7 34. Kd2 Nhf3+ 35. Kc3 Ne5 0-1

[Event "34.Schlosspark-Open"]
[Site "Wiesbaden-Biebrich"]
[Date "2025.08.30"]
[Round "5.58"]
[White "Faßler, Felix"]
[Black "Gärtner, Johannes"]
[Result "1-0"]
[WhiteElo "1822"]
[BlackElo "1740"]
[PlyCount "65"]
[EventDate "2025.08.28"]
[WhiteTeam "SC Fulda"]
[BlackTeam "Sfr.Mainz 1928"]

1. Nf3 Nf6 2. g3 b5 3. Na3 a6 4. c4 b4 5. Nc2 e6 6. Bg2 Bb7 7. O-O c5 8. d4 d6 9. dxc5 dxc5 10. Qxd8+ Kxd8 11. Be3 Bd6 12. Rfd1 Ke7 13. a3 a5 14. axb4 axb4 15. Rxa8 Bxa8 16. Na1 Nbd7 17. Nb3 Be4 18. Ne1 Bxg2 19. Kxg2 Ng4 20. Bc1 Nge5 21. Nd2 Nb6 22. b3 Nbd7 23. Ne4 Bc7 24. Be3 Bb6 25. Nd6 Ra8 26. h3 Bc7 27. Ne4 Bb6 28. f4 Nc6 29. Nd3 Na5 30. Ndxc5 Nxb3 31. Rxd7+ Ke8 32. Nd6+ Kf8 33. Rxf7+ 1-0